000 01309nam a2200217 a 4500
001 001061047
003 AM-YeHGA
005 20250617151121.0
008 150317s2014 ai r 000 0 arm d
040 _aAM-YeHGA
041 0 _aarm
100 1 _aՄանուկյան, Աբել
_cՔահանա
245 1 0 _aԺընեւ եւ Հնչակեան կուսակցութեան կազմաւորումը :
_bՍոցիալ դեմոկրատ Հնչակեան մայր կուսակցութեան հիմնադրութեան 125-ամեայ յոբելեանին առթիւ; Թարմ հողակույտերուն առջեւ : 100 տարի առաջ՝ զրուիցերիոյ մամուլն ու Հնչակեան քսան կախաղանները /
_cԴոկտ. Աբել Քհնյ. Մանուկեան.
246 4 _aՀայրենիքի ազատագրութեան բանակին համոզուած զինվորները
260 _aԺընև :
_bAraz Printing Press,
_c2014.
300 _a159 էջ :
_bլուսանկ.
650 1 4 _aՀայոց պատմություն
650 1 4 _aՀայոց ցեղասպանություն, 1915-1923
740 0 2 _aԹարմ հողակույտերուն առջեւ : 100 տարի առաջ՝ զրուիցերիոյ մամուլն ու Հնչակեան քսան կախաղանները
090 _c346807
999 _c345009
_d345009